Philippine Political Science Journal.

محفوظ في:

التنسيق: دورية

اللغة: Undetermined

الموضوعات:

الوصول للمادة أونلاين: Login to view Source

الوسوم: إضافة وسم

لا توجد وسوم, كن أول من يضع وسما على هذه التسجيلة!

رقم الطلب:

LEADER 00528nms a2200181Ia 4500
005 20240402060056.0
008 240131s9999||||xx |||||||||||||||||und||
999 |c 56530  |d 56530 
022 |a 0115-4451 
022 |a 2165-025X 
245 0 0 |a Philippine Political Science Journal. 
336 |2 rdacontent  |a text  |b txt 
337 |2 rdamedia  |a unmediated  |b n 
338 |2 rdacarrier  |a volume  |b n 
500 |a BRILLBRILLJ 
650 4 |a Politics & government. 
856 |z PPSJ  |u https://brill.com/view/journals/ppsj/ppsj-overview.xml 
942 |2 lcc  |c EJL